00694 2200205 4500001002100000005001700021008004100038035002500079082001100104090002100115100002100136245013400157260002900291300003200320500005600352500002800408650002200436850001200458990001800470YOGYA-0209000004454420150623112101.0 ind  a0010-020900000044544 a331.25 aSK 331.25bWir K aWIRATMA, Singgih aKesehatan dan keselamatan kerja buruh dalam prakteknya di perusahaan-perusahaan di Kabupaten Dati II Slemancoleh Singgih Wiratma aYogyakartab[s.n.]c1995 avii, 92, [62] lembarc30 cm aSkripsi Fak. Hukum Universitas Janabadra Yogyakarta aBibliografi : lembar 92 aKeselamatan kerja aYOPDYOG a26954-pd/a.07